Význam vzdelávania pre rozvoj ľudského kapitálu
Zvyšovanie kvality ľudského kapitálu je predpokladom ďalšieho rozvoja spoločnosti, nakoľko ekonomický rast vzniká ako interakcia ľudských schopností a nových technológií. Investície do vzdelania patria medzi najdôležitejšie investície krajín aj jednotlivcov. Sú kľúčovým faktorom pri zvyšovaní zamest...
Salvato in:
| Autore principale: | |
|---|---|
| Natura: | Capitolo di libro |
| Lingua: | slovacco |
| Soggetti: | |
| Tags: |
Nessun Tag, puoi essere il primo ad aggiungerne!!
|
MARC
| LEADER | 00000nla$a2200000$$$4500 | ||
|---|---|---|---|
| 001 | 0123370 | ||
| 005 | 20221207081646.9 | ||
| 041 | 0 | |a slo | |
| 044 | |a SK | ||
| 245 | 1 | 0 | |a Význam vzdelávania pre rozvoj ľudského kapitálu |c Tatiana Tomčíková |
| 520 | |a Zvyšovanie kvality ľudského kapitálu je predpokladom ďalšieho rozvoja spoločnosti, nakoľko ekonomický rast vzniká ako interakcia ľudských schopností a nových technológií. Investície do vzdelania patria medzi najdôležitejšie investície krajín aj jednotlivcov. Sú kľúčovým faktorom pri zvyšovaní zamestnanosti, hospodárskej prosperity a spoločenského blahobytu. Aktuálne trendy, akcentujúce vplyvy súčasných spoločenských premien a ich premietnutie do významného komponentu osobnostného fungovania človeka. | ||
| 610 | 2 | 0 | |a kapitál ľudský |
| 610 | 2 | 0 | |a pojmy |
| 610 | 2 | 0 | |a vzdelávanie |
| 610 | 2 | 0 | |a investície |
| 610 | 2 | 0 | |a vzdelávanie celoživotné |
| 610 | 2 | 0 | |a kariéra |
| 100 | 1 | |a Tomčíková, Tatiana | |